| 000 | 00428 a2200169 4500 | ||
|---|---|---|---|
| 999 |
_c232796 _d232796 |
||
| 003 | Nust | ||
| 005 | 20170223135449.0 | ||
| 008 | 170223b xxu||||| |||| 00| 0 eng d | ||
| 020 | _a9788178845432 | ||
| 022 | _a9788178845432 | ||
| 040 | _c0 | ||
| 082 | _a338.9 | ||
| 100 | _aJoshi,D.R. | ||
| 245 |
_aEconomic Development Agricultural and Industrial Growth _cD.R.Joshi |
||
| 250 | _a1st | ||
| 260 |
_aNew Delhi _bCyber Tech Publications _c2010 |
||
| 300 | _a254p | ||
| 500 | _aPaper cover | ||
| 942 |
_cBK _k338.9 JOS _2ddc |
||